|
|
|
|
| LEADER |
00000nab a2200000 a 4500 |
| 001 |
vtls008997091 |
| 003 |
SK-MaSNL |
| 005 |
20260319071309.0 |
| 008 |
070607 2007 xo | |000 0|hun |
| 015 |
|
|
|a SNBRB2007/06
|
| 038 |
|
|
|a KEVKJB
|
| 040 |
|
|
|a KEVKJB
|b slo
|c KEVKJB
|e AACR2
|
| 041 |
0 |
|
|a hun
|
| 044 |
|
|
|a xo
|c SK
|
| 080 |
|
|
|a 821.511.141:06.063
|2 2001
|
| 080 |
|
|
|a 82:061.7
|2 2001
|
| 100 |
1 |
|
|a Balassa, Zoltán,
|d 1949-
|4 aut
|9 502859
|
| 245 |
1 |
0 |
|a Nyelvművelő napok
|c Balassa Zoltán
|
| 611 |
2 |
7 |
|a Kazinczyho dni
|n (38. :
|d 2007 :
|c Košice, Slovensko)
|2 kevkjb
|9 1066296
|
| 611 |
2 |
7 |
|a Pekná maďarská reč
|d (2007 :
|c Košice, Slovensko)
|2 kevkjb
|9 1066297
|
| 650 |
0 |
7 |
|a maďarčina
|x jazykové súťaže
|2 kevkjb
|9 1044373
|
| 650 |
0 |
7 |
|a maďarčina
|x jazyková kultúra
|2 kevkjb
|9 1066298
|
| 651 |
|
7 |
|a Košice (Slovensko)
|2 kevkjb
|9 18694
|
| 773 |
0 |
|
|t Kassai Figyelő
|g Évf. V, sz. 5 (2007), o. 20
|
| 852 |
|
|
|a KEVKJB
|b KIS3GCP
|
| 958 |
|
|
|a HU
|
| 999 |
|
|
|c 1752645
|d 1754575
|